|
|
|
|
| LEADER |
00000nam0a2200000 4500 |
| 001 |
68340 |
| 005 |
20231031074818.0 |
| 010 |
|
|
|a 5887823607
|
| 035 |
|
|
|a (RuTPU)RU\TPU\book\72780
|
| 090 |
|
|
|a 68340
|
| 100 |
|
|
|a 20041005d2004 m y0rusy50 ca
|
| 101 |
0 |
|
|a rus
|
| 102 |
|
|
|a RU
|
| 105 |
|
|
|a a j 001zy
|
| 200 |
1 |
|
|a Теория организации
|e учебник для вузов
|f Г. Р. Латфуллин, А. В. Райченко
|
| 210 |
|
|
|a СПб.
|c Питер
|d 2004
|
| 215 |
|
|
|a 394 с.
|c ил.
|
| 225 |
1 |
|
|a Учебник для вузов
|
| 225 |
1 |
|
|a Издательская программа "300 лучших учебников для высшей школы в честь 300-летия Санкт-Петербурга"
|
| 320 |
|
|
|a Библиогр.: с. 389-394
|
| 451 |
|
1 |
|0 (RuTPU)RU\TPU\book\122249
|y 5-88782-360-7
|t Теория организации
|o учебник
|f Г. Р. Латфуллин, А. В. Райченко
|c СПб.
|n Питер
|d 2006
|p 394 с.
|a Латфуллин, Геннадий Рашидович
|
| 451 |
|
1 |
|0 (RuTPU)RU\TPU\book\55377
|y 5-88782-360-7
|t Теория организации
|o учебник
|f Г. Р. Латфуллин, А. В. Райченко
|c СПб.
|n Питер
|d 2003
|p 400 с.
|s Учебник для вузов
|a Латфуллин, Геннадий Рашидович
|
| 610 |
1 |
|
|a экономика
|
| 610 |
1 |
|
|a организации
|
| 610 |
1 |
|
|a предприятия
|
| 610 |
1 |
|
|a теории
|
| 610 |
1 |
|
|a управление
|
| 610 |
1 |
|
|a законы
|
| 610 |
1 |
|
|a принципы
|
| 610 |
1 |
|
|a организационные системы
|
| 610 |
1 |
|
|a учебники
|
| 686 |
|
|
|a У9(2)29-2я73
|v LBC/SL-A
|2 rubbk
|
| 700 |
|
1 |
|a Латфуллин
|b Г. Р.
|g Геннадий Рашидович
|
| 701 |
|
1 |
|a Райченко
|b А. В.
|g Александр Васильевич
|
| 801 |
|
1 |
|a RU
|b 63413507
|c 20041005
|g PSBO
|
| 801 |
|
2 |
|a RU
|b 63413507
|c 20181225
|g PSBO
|
| 900 |
|
|
|a Менеджмент
|
| 900 |
|
|
|a Государственное и муниципальное управление
|
| 942 |
|
|
|c BK
|
| 952 |
|
|
|a 521500
|b 061000
|
| 959 |
|
|
|a 119/20040924
|d 1
|e 100
|f ЧЗГЛ:1
|
| 959 |
|
|
|a 17/20050218
|d 1
|e 107,50
|f ЧЗГЛ:1
|